000 00387pab a2200157 454500
008 180718b2001 xxu||||| |||| 00| 0 eng d
100 _aCrewe, Ivor
245 _aThe opinion polls: still biased to labour
260 _c2001
300 _ap.650-65
362 _aOct
650 _aElections - Great Britain
650 _aElections
773 _aParliamentary Affairs
909 _a50844
999 _c50844
_d50844